Bruno Mars - Chansons de l'album Unorthodox Jukebox - Statistiques

Statistiques générales
  • Ce quiz a été pris 16 fois
  • Le résultat moyen est 8 sur 11
Statistiques - réponses
Hint Réponse % Correct
Unorthodox Jukebox 6 When I Was Your Man
100%
Unorthodox Jukebox 3 Gorilla
92%
Unorthodox Jukebox 5 Moonshine
83%
Unorthodox Jukebox2 7 Natalie
83%
Unorthodox Jukebox 4 Treasure
83%
Unorthodox Jukebox 2 Locked Out of Heaven
75%
Unorthodox Jukebox2 9 Money Make Her Smile
75%
Unorthodox Jukebox2 10 If I Knew
67%
Unorthodox Jukebox2 8 Show Me
67%
Unorthodox Jukebox 1 Young Girls
58%
Unorthodox Jukebox2 11 Old & Crazy
8%
Aucun quiz correspondant
Distribution des résultats
% des personnes avec chaque résultat
Percentile par nombre de réponses
Votre historique - résultats
Vous n’avez pas pris ce quiz